000 00682cam a2200253 4500
008 090401t1993 xxu||||| |||| 00| 0 eng d
020 _a1870004922
035 _a(Sirsi) u79931
041 _aeng
050 _a693.71
110 _aBritish Constructional Steelwork Association
_91564
245 _aJoints in simple construction. Vol. 1. Design methods.
250 _a2nd ed.
260 _aLondon
_bBCSA
_c1993
300 _aviii,139p. : ill. ; 30cm.
350 _a30
650 _aGREEN BOOK
650 _aJOINTS
650 _aSTEEL FRAMES
650 _aSTRUCTURAL STEELWORK
690 _aBUILT ENVIRONMENT-CONSTRUCTION DESIGN
942 _n0
948 _c28/07/1997
999 _c96572
_d96572